| 000 | 00712nam a2200241Ia 4500 | ||
|---|---|---|---|
| 003 | OSt | ||
| 005 | 20220918200757.0 | ||
| 006 | a|||||r|||| 00| 0 | ||
| 007 | ta | ||
| 008 | 220917b |||||||| |||| 00| 0 eng d | ||
| 024 | _a90,145 | ||
| 037 | _cTextual | ||
| 040 |
_aARTS _cARTS _beng |
||
| 041 |
_2eng _aeng |
||
| 082 | _aU6.5.N5, M9 | ||
| 100 |
_aGenovese Eugene Domoinick ed _995427 |
||
| 245 | 0 | _aGeograpohic perspectives in history | |
| 260 |
_aOxfordf _bBasdil blackwerll _c1989 |
||
| 650 |
_aCOMMERCIAL GEOGRAPHY _91466 |
||
| 700 |
_a Hochberg Leonard ed _995428 |
||
| 942 |
_hU6.5.N5, M9 _cTEXL _2CC |
||
| 999 |
_c213814 _d213814 |
||